000
00319nam a22001217a 4500
005
20250820175118.0
008
250820b |||||||| |||| 00| 0 eng d
082
_a
005
_b
ROH-U
100
_a
Rohan Genrich
245
_a
USQ Microsoft Office 2016 Illustrated
650
_a
Computer/Microsoft Office & Windows
999
_c
37032
_d
37032